00359 2200157 4500245003700000020002200037250001100059100001300070650001600083005001900099260002600118041001400144084000800158300002600166336000900192 aHello , Spring !cRettaniahText a978-602-220-227-1 aCet. 1 aRettania aNovel Fiksi a20230112071309 aJakartabBukunec2017 aIndonesia a813 ax, 262 hlm. :c19 cm. atext